[Event "Natal Magistral 4th C"]
[Site "Natal"]
[Date "2007.05.05"]
[Round "9.6"]
[White "Botta, Jose Maria"]
[Black "Rocha, Vitor Firmo de Souz"]
[Result "0-1"]
[WhiteElo "1608"]
[BlackElo "1700"]
[PlyCount "78"]
[EventDate "2007.04.27"]
[EventType "tourn"]
[EventRounds "11"]
[EventCountry "BRA"]
[SourceTitle "EXT 2022"]
[Source "ChessBase"]
[SourceDate "2021.10.06"]
[SourceVersion "1"]
[SourceVersionDate "2021.10.06"]
[SourceQuality "1"]

1. d4 f5 2. Nf3 Nf6 3. c4 b6 4. Nbd2 Bb7 5. e3 e6 6. Be2 Bd6 7. Qc2 0-0 8. b3 Nc6 9. a3 a5 10. Bb2 Ne7 11. 0-0 Ng6 12. Rfe1 Ne4 13. Bd3 Nxd2 14. Nxd2 Qh4 15. g3 Qh3 16. Bf1 Qg4 17. h3 Qg5 18. Bg2 Bxg2 19. Kxg2 f4 20. Nf3 Nh4+ 21. Nxh4 fxg3 22. Nf3 Rxf3 23. Kxf3 Rf8+ 24. Ke2 Rxf2+ 25. Kd1 Rxc2 26. Kxc2 g2 27. Re2 g1Q 28. Rxg1 Qxg1 29. Kd3 Qg3 30. h4 Qxh4 31. e4 h5 32. e5 Be7 33. Bc3 Qg3+ 34. Re3 Qg6+ 35. Ke2 Qg2+ 36. Kd3 h4 37. Be1 h3 38. Bg3 Qf1+ 39. Kd2 h2 0-1

[Event "Natal Magistral 4th C"]
[Site "Natal"]
[Date "2007.05.01"]
[Round "7.6"]
[White "Damasceno, Alecio Souza"]
[Black "Botta, Jose Maria"]
[Result "1-0"]
[WhiteElo "1865"]
[BlackElo "1608"]
[PlyCount "123"]
[EventDate "2007.04.27"]
[EventType "tourn"]
[EventRounds "11"]
[EventCountry "BRA"]
[SourceTitle "EXT 2022"]
[Source "ChessBase"]
[SourceDate "2021.10.06"]
[SourceVersion "1"]
[SourceVersionDate "2021.10.06"]
[SourceQuality "1"]

1. c4 c5 2. Nc3 Nc6 3. g3 g6 4. Bg2 Bg7 5. Nf3 Nf6 6. 0-0 d6 7. d4 Nxd4 8. Nxd4 cxd4 9. Qxd4 0-0 10. Bg5 h6 11. Bd2 a6 12. Rfd1 Rb8 13. Qd3 Bd7 14. Nd5 Nxd5 15. Bxd5 Bc6 16. Bc3 Bxd5 17. cxd5 Bxc3 18. Qxc3 Qd7 19. Rd4 Rbc8 20. Qe3 Kg7 21. Qd2 Qf5 22. e4 Qf6 23. Re1 Rc5 24. Re3 Qe5 25. Kg2 Rfc8 26. Rc3 Kh7 27. Rf3 Qg7 28. Rb4 Rc2 29. Qf4 Rxb2 30. Rxb2 Qxb2 31. Qxf7+ Qg7 32. Qe6 Rf8 33. Rxf8 Qxf8 34. Qd7 b5 35. Qa7 Qe8 36. Qxa6 Kg7 37. Qc6 Qb8 38. Qd7 Kf8 39. Qe6 Qe8 40. e5 dxe5 41. Qxe5 h5 42. Qh8+ Kf7 43. Qxe8+ Kxe8 44. Kf3 Kd7 45. Ke4 Kd6 46. Kd4 b4 47. Kc4 g5 48. Kxb4 Kxd5 49. Kc3 Ke4 50. Kd2 Kf3 51. Ke1 Kg2 52. h4 gxh4 53. gxh4 Kh3 54. a4 Kxh4 55. Kf1 Kg4 56. a5 Kf3 57. a6 e5 58. a7 h4 59. a8Q+ e4 60. Qa3+ Kf4 61. Qh3 Kg5 62. Ke2 1-0

[Event "Natal Magistral 4th C"]
[Site "Natal"]
[Date "2007.04.30"]
[Round "6.2"]
[White "Botta, Jose Maria"]
[Black "Prado Oliveira, Fellipe"]
[Result "0-1"]
[WhiteElo "1608"]
[BlackElo "1881"]
[PlyCount "122"]
[EventDate "2007.04.27"]
[EventType "tourn"]
[EventRounds "11"]
[EventCountry "BRA"]
[SourceTitle "EXT 2022"]
[Source "ChessBase"]
[SourceDate "2021.10.06"]
[SourceVersion "1"]
[SourceVersionDate "2021.10.06"]
[SourceQuality "1"]

1. d4 Nf6 2. Nf3 g6 3. c4 Bg7 4. Nc3 d5 5. Bg5 c6 6. g3 Nbd7 7. cxd5 cxd5 8. Bg2 0-0 9. Qc1 Qa5 10. Bh6 e6 11. 0-0 b6 12. Re1 Bxh6 13. Qxh6 Qb4 14. Rab1 Bb7 15. e3 Rfc8 16. Ne5 Nxe5 17. dxe5 Ne4 18. Qf4 Qc4 19. Bf1 Qc5 20. Nxe4 dxe4 21. h4 Qe7 22. g4 Qxh4 23. Be2 h6 24. Kg2 Qg5 25. Qf6 Rc5 26. b3 Rxe5 27. Qxg5 Rxg5 28. Kg3 Rc5 29. a4 Rac8 30. Red1 Bd5 31. Rd2 Rc2 32. Rb2 Rxd2 33. Rxd2 Bxb3 34. Bb5 Bd5 35. Kf4 f6 36. Rd1 Rc2 37. Kg3 g5 38. Rd4 Rc1 39. Rd2 Kf7 40. Rd4 Ke7 41. Rd2 Kd6 42. Rd4 Kc7 43. Rd2 Kb7 44. Rd4 a6 45. Be8 Rc8 46. Bg6 Rc4 47. Rxc4 Bxc4 48. Bxe4+ Bd5 49. Bc2 b5 50. f4 b4 51. e4 gxf4+ 52. Kxf4 b3 53. Bd3 Bc6 54. a5 Bb5 55. Bb1 Be2 56. e5 fxe5+ 57. Kxe5 Bxg4 58. Be4+ Kc7 59. Kd4 b2 60. Kc3 Bf5 61. Bxf5 exf5 0-1

[Event "Natal Magistral 4th C"]
[Site "Natal"]
[Date "2007.04.27"]
[Round "1.3"]
[White "Rodrigues, Flavio Leite"]
[Black "Botta, Jose Maria"]
[Result "1-0"]
[WhiteElo "1837"]
[BlackElo "1608"]
[PlyCount "35"]
[EventDate "2007.04.27"]
[EventType "tourn"]
[EventRounds "11"]
[EventCountry "BRA"]
[SourceTitle "EXT 2022"]
[Source "ChessBase"]
[SourceDate "2021.10.06"]
[SourceVersion "1"]
[SourceVersionDate "2021.10.06"]
[SourceQuality "1"]

1. e4 d5 2. exd5 Nf6 3. Bb5+ Nbd7 4. Nf3 g6 5. c4 a6 6. Bxd7+ Bxd7 7. d4 Bg7 8. Nc3 0-0 9. 0-0 Re8 10. Ne5 b5 11. b3 e6 12. Qf3 h6 13. Ba3 Qb8 14. Bc5 Qc8 15. Rfe1 exd5 16. Nxd5 Nxd5 17. Qxf7+ Kh7 18. Qxg6+ 1-0